00977nam a2200205 a 450000100100000000500170001000800410002704000250006808200160009324500630010926000570017230000340022950000920026350400260035570000310038195201140041295201140052695201140064099900170075400003608420200930074849.0111129s2005 dr ac 000 0 spa d aDO-SdBNPbspacBNPHU axxxxbC965c00aCuerpo a cuerpo /ccoordinación Luis Molina ...[et al.]. aSanto Domingo :bCentro Cultural de España,c2005. a63 p. :bil., retr. ;c25 cm. aExposición del 13 de julio al 10 de septiembre 2005 en el Centro Cultural de España aBibliografía : p.611 aMolina, Luisecood.962117 0010718PDaPDbPDcCTd2011-11-29iLF1l0oxxxx C965cp36084-10r2020-06-25w2020-06-25yLFPDZNo se presta 0010718PDaPDbPDcCTd2011-11-29iLF1l0oxxxx C965cp36084-20r2020-06-25w2020-06-25yLFPDZNo se presta 0010718PDaPDbPDcCTd2011-11-29iLF1l0oxxxx C965cp36084-30r2020-06-25w2020-06-25yLFPDZNo se presta c35575d35575